000
00207 a2200097 4500
001
57155
100
_a
245
_a
Operations Managment
260
_a
London
_b
Pitman
_c
1993
090
_c
35087
_d
35087
942
_a
NUST-CAE
_c
MONOGRAPH
_c
27877
999
_c
292228
_d
292228